000 00334nam a22001457a 4500
003 OSt
008 250529b |||||||| |||| 00| 0 eng d
100 _aSWAMI, Mahatama Narayan
245 _aekadasoupanishad
250 _a1st
260 _aNew Delhi
_bArya Prakashan
_c2021
300 _a1130
650 _aGeneral
942 _2ddc
_cBK
999 _c13607
_d13607